000 00624nam a2200181 a 4500
001 000041769
005 20201002035738.0
020 _a978968659596
040 _aDO-SdBNP
_bspa
_cBNPHU
082 _axxxx
_bxxxx
100 1 _aOsborne, David
_968625
245 1 0 _aUn nuevo modelo de gobierno :
_bcómo transforma el espiritu empresarial al sector público /
_cDavid Osborne, Ted Gaebler.
260 _aMontevideo :
_bGernika,
_c1994.
300 _a502 p. ;
_c21 cm.
490 1 _aCiencias políticas
_v28
504 _aIncluye referencias bibliográficas y notas al pie de las páginas
830 0 _aCiencias políticas
_n28
_968626
999 _c41258
_d41258